Geography Quiz

Random Geography or Asia Quiz

The Palestine Quiz Stats

Quiz Updated Mar 1, 2017

Also try: The Brazil Quiz
Challenge
Share
Tweet
Embed
Score 0/25 Timer 06:00
4 Plays Today
Hint Answer % Correct
Flag ColorRed
96.8%
Flag ColorGreen
95.8%
Flag ColorWhite
93.8%
Flag ColorBlack
93%
Bordering CountryIsrael
87.6%
Primary ContinentAsia
85.3%
Bordering CountryJordan
79.9%
Predominant ReligionIslam
77.4%
Bordering CountryEgypt
72.8%
Bordering SeaDead Sea
67.3%
Lowest Point (-408 m)Dead Sea
67.3%
Bordering SeaMediterranean Sea
62.3%
De Facto CapitalRamallah
60.6%
Hint Answer % Correct
Population (nearest million)4,136,540
59.3%
Largest CityGaza City
50%
Internet TLD.ps
43.1%
National Liberation MovementPalestine Liberation Organization
41.2%
CurrencyJordanian dinar, Egyptian Pound, Israeli shekel
36%
PresidentMahmoud Abbas
30%
Official NameState of Palestine
25.1%
Proposed CapitalEast Jerusalem
22.7%
Independence DeclaredNovember 15, 1988
18.5%
Prime MinisterRami Hamdallah
4.6%
National AnthemFida'i
3.7%
Highest Point (1,022 m)Tall Asur
1.4%

You're not logged in!

Compare scores with friends on all Sporcle quizzes.
Sign Up with Email
OR
Log In

You Might Also Like...

Show Comments

Extras

Top Quizzes Today


Score Distribution

Your Account Isn't Verified!

In order to create a playlist on Sporcle, you need to verify the email address you used during registration. Go to your Sporcle Settings to finish the process.